000 00341nam a2200145Ia 4500
008 191201s2005 xx 000 0 und d
082 _a658.80285
_bJAE
100 _aJOSEPH, P T
245 0 _aE-Commerce: An Indian Perspective
250 _a2nd
260 _aN.Delhi
_bPHI
_c2005
300 _a490
650 _aB.Tech(ME)
942 _2ddc
_cBK
999 _c1176
_d1176